| 000 | 00682nam a2200229 a 4500 | ||
|---|---|---|---|
| 001 | 53530 | ||
| 003 | BD-RjUL | ||
| 005 | 20211209075957.0 | ||
| 008 | 161017s1966 nyua b 000 0 eng | ||
| 035 | _a(BD-RjUL)53651 | ||
| 040 |
_aDLC _cDLC _dBD-RjUL _beng |
||
| 041 | _aeng | ||
| 082 | 0 | 0 |
_a621.366 _223 _bLEI 1966 |
| 100 | 1 |
_aLengyel, Bela A. _q(Bela Adalbert), _d1910- _9160003 |
|
| 245 | 1 | 0 |
_aIntroduction to laser physics / _c Bela A. Lengyel. |
| 260 |
_aNew York : _bJohn Wiley and Sons, _c1966 |
||
| 300 |
_axiv, 311 p. : _bill. ; _c24 cm. |
||
| 490 | 0 | _aWiley series in pure and applied optics | |
| 500 | _aIncludes Indexes | ||
| 650 | 0 |
_aLasers. _9157244 |
|
| 942 |
_2ddc _cBK |
||
| 999 |
_c53530 _d53530 |
||